=LDR 00000nam 2200000 4500 =001 INLIS000000000033065 =005 20230307022843 =035 ##$$a 0010-061300000033065 =008 230307################g##########0#ind## =041 ##$$a ind =082 ##$$a 371.3 =090 ##$$a 371.3, Uno m =100 ##$$a Uno, Hamzah B =245 1#$$a Mengelola Kecerdasan Dalam Pembelajaran : $b Sebuah Konsep Pembelajaran Berbasis Kecerdasan /$c Hamzah B.Uno, Masri Kudrat Umar =260 ##$$a Jakarta :$b Bumi Aksara,$c 2009 =300 ##$$a x, 196 hlm ; $c 21x14 cm =650 #4$$a Strategi - Pembelajaran =700 #$$a Umar, Masri Kudrat =850 ##$$a NBPNMAT =020 ##$$a 978-979-010-553-9 =084 ##$$a 371.3 UNO m =250 ##$$a cet.1 =990 ##$$a 21003659 =990 ##$$a 21003656 =990 ##$$a 21003658 =990 ##$$a 21003657 =990 ##$$a 21003657 =990 ##$$a 21003659 =990 ##$$a 21003656 =990 ##$$a 21003658